Wpisz największe miasto w danym stanie - Statystyki

Ogólne statystyki
  • Ten quiz został rozwiązany 15 razy
  • Średni wynik to 17 z 50
Statystyki odpowiedzi
Stan Największe miasto % Poprawnych
Nowy Jork Nowy Jork
100%
Illinois Chicago
85%
Kalifornia Los Angeles
85%
Floryda Miami
77%
Texas Houston
69%
Indiana Indianapolis
69%
Nevada Las Vegas
69%
Luizjana Nowy Orlean
69%
Massachusets Boston
62%
Kolorado Denver
62%
Hawaje Honolulu
62%
Pensylwania Filadelfia
54%
Arizona Phoenix
54%
Alaska Anchorage
46%
Georgia Atlanta
46%
Michigan Detroit
46%
Minnesota Minneapolis
46%
Oklahoma Oklahoma City
46%
Utah Salt Lake City
46%
Washington Seattle
46%
Karolina Północna Charlotte
38%
Maine Portland
38%
Oregon Portland
38%
Nowy Meksyk Albuquerque
31%
Rhode Island Providence
31%
Maryland Baltimore
23%
Idaho Boise
23%
Ohio Columbus
23%
Iowa Des Moines
23%
Missisipi Jackson
23%
Nebraska Omaha
23%
Karolina Południowa Columbia
15%
Arkansas Little Rock
15%
Tennessee Memphis
15%
Missouri Saint Louis
15%
Alabama Birmingham
8%
Wirginia Zachodnia Charleston
8%
Dakota Północna Fargo
8%
Kentucky Louisville
8%
Wisconsin Milwaukee
8%
New Jersey Newark
8%
Dakota Południowa Sioux Falls
8%
Kansas Wichita
8%
Delaware Wilmington
8%
Montana Billings
0%
Connecticut Bridgeport
0%
Vermont Burlington
0%
Wyoming Cheyene
0%
New Hapshire Manchester
0%
Wirginia Virginia Beach
0%
Nie znaleziono quizów pasujących do podanych kryteriów
Rozkład punktacji
Procent ludzi z każdym wynikiem
Percentyl według liczby udzielonych odpowiedzi
Twoja historia wyników
Nie rozwiązałeś tego quizu